| 000 | 00573nam a22001937a 4500 | ||
|---|---|---|---|
| 005 | 20251108172546.0 | ||
| 008 | 250721s1997 xx 000 0 ara d | ||
| 082 | 1 | 4 | _a649/مور |
| 100 | 1 | _aموريس، راغدة | |
| 245 | 1 | 0 | _aالوقاية من الحوادث عند الأطفال / |
| 264 | 1 |
_aبيروت : _bجروس برس، _c1997. |
|
| 300 | _a39ص. : مص. | ||
| 490 | 0 | _aالطفل : صحة و عناية | |
| 650 | 1 | 7 | _aرعاية الطفولة |
| 650 | 1 | 7 | _aالحوادث |
| 650 | 1 | 7 | _aمنع الحوادث |
| 942 |
_2ddc _cBK |
||
| 999 |
_c82519 _d82519 |
||